| 000 | 00922nam a22002897a 4500 | ||
|---|---|---|---|
| 001 | 8698 | ||
| 003 | FISKH | ||
| 005 | 20251010162846.0 | ||
| 008 | 251010b cb ||||| |||| 00| 0 eng d | ||
| 020 | _a9789995094799 | ||
| 040 |
_aFISKH _bkhr _cFISKH _dFISKH |
||
| 050 | _aPZ7 | ||
| 082 | _a895.932302 | ||
| 100 | _aSotheary, Kimsun | ||
| 245 |
_aសុបិនកុមារ ភាគបញ្ចប់ : _bSoben Komar / _cអ្នកស្រី គឹមស៊ុន សុធារី |
||
| 260 |
_aPhnom Penh : _bReading Books , _c2009. |
||
| 300 |
_a28 pages : _bcolor illustrations ; _c25 cm . |
||
| 490 | _aពិភពរឿងនិទាន | ||
| 505 | _aR | ||
| 521 | 8 |
_a700
_bLexile estimate |
|
| 521 | 8 |
_aR
_bRaz-Plus |
|
| 650 | _aសុបិនកុមារ | ||
| 650 | _aSoben Komar | ||
| 700 |
_aSan, Thai _eIllustrator |
||
| 942 |
_2ddc _cKHB _n0 |
||
| 999 |
_c8698 _d8698 |
||